Tilastot visalle Sanat - "Mitä yhdestä särkyneestä sydämestä" - Mamba

Klikkaa tästä pelataksesi tätä visaa!

Yleistilastot

  • Tätä visaa on pelattu 84 kertaa
  • Keskiarvotulos 126 / 162

Vastaustilastot

Sanat% Oikein
Mitä
100%
Särkyneestä
100%
sydämestä
100%
yhdestä
100%
Kun
97%
kun
97%
on
97%
sen
97%
väliä
97%
käymään
96%
Tule
96%
hän
94%
lätkässä
94%
riittää
94%
Että
93%
niin
93%
Niin
93%
sinulle
93%
tulee
93%
Edes
91%
olet
91%
Se
91%
se
91%
silloin
91%
ja
87%
sinä
87%
Kuin
84%
kuin
84%
paljon
81%
sinua
78%
vähemmän
78%
antaa
76%
tykkää
75%
Vaikka
74%
jätkä
72%
neitsyydestä
72%
"Ei
71%
vähän
71%
Kymmenen
69%
kymmenen
69%
pistettä
69%
Sai
69%
Sun
68%
siitä
65%
aika
63%
enää
63%
joka
62%
luulit
62%
Sinusta
62%
halua
60%
kai
60%
kuuntelee
60%
löytäneesi
60%
sano:
60%
ystävän
60%
Ihmisen,
59%
välitä
59%
Ettei
57%
juuri
57%
Mutta
57%
keskellä
56%
soita
56%
yötä
56%
heränny?"
54%
Tahtoi
53%
voit
51%
sille
50%
teidän
50%
äijä
44%
Minkä
44%

Tulosjakauma

Persentiili vastausten määrän mukaan

Jokaisen tuloksen saaneiden osuus

Tuloshistoriasi

Et ole pelannut tätä visaa